000 00541nam a22001937a 4500
005 20260323111618.0
008 260323b |||||||| |||| 00| 0 eng d
037 _cDSWL
040 _aDSWL
_cDSWL
041 _heng
100 _aElliot, Anthony
_91137549
245 _aIntroduction to Contemporary Social Theory
260 _aNew York,
_bRoutledge Publication,
_c2014
300 _a459p
365 _aINR
_b3037
700 _aCharles Lemert
942 _2CC
_cTEXL
_n0
999 _c1726358
_d1726358